Εποπτεία Προσωπικού (Record no. 1201)
[ view plain ]
| 000 -LEADER | |
|---|---|
| fixed length control field | 02513cam a22001934a 4500 |
| 005 - ΗΜΕΡΟΜΗΝΙΑ ΚΑΙ ΩΡΑ ΤΕΛΕΥΤΑΙΑΣ ΕΝΗΜΕΡΩΣΗΣ | |
| Πεδίο ελέγχου | 20250605164001.0 |
| 008 - FIXED-LENGTH DATA ELEMENTS--GENERAL INFORMATION | |
| Πεδίο ελέγχου σταθερού μήκους | 250528s ||||||||||||||||||||||||d |
| 035 ## - SYSTEM CONTROL NUMBER | |
| System control number | 15636 |
| 040 ## - ΠΗΓΗ ΚΑΤΑΛΟΓΟΓΡΑΦΗΣΗΣ | |
| Φορέας πρωτότυπης καταλογογράφησης | MC Athens Campus Library |
| Γλώσσα καταλογογράφησης | Ελληνικά, Μοντέρνα (1453-) |
| Modifying agency | MC Athens Campus Library |
| Κανόνες περιγραφικής καταλογογράφησης | AACR2 |
| 245 1# - ΤΙΤΛΟΣ ΚΑΙ ΔΗΛΩΣΗ ΥΠΕΥΘΥΝΟΤΗΤΑΣ | |
| Τίτλος | Εποπτεία Προσωπικού |
| 260 ## - PUBLICATION, DISTRIBUTION, ETC. | |
| Name of publisher, distributor, etc. | Σύγχρονη Εκδοτική, |
| Date of publication, distribution, etc. | 1993 |
| 300 ## - PHYSICAL DESCRIPTION | |
| Extent | 200 |
| 505 0# - FORMATTED CONTENTS NOTE | |
| Formatted contents note | Εισαγωγή, Ο Ανθρώπινος Παράγων, Η Λειτουργία του Προγραμματισμού, Η Λειτουργία της Οργάνωσης, Παρώθηση, Κίνητρα και Αμοιβές, Βελτίωση των Μεθόδων εργασίας και του Περιβάλλοντος, Επικοινωνία, Εφαρμογές της Επικοινωνίας, Έλεγχος της Εργασίας, Ανάθεση Καθηκόντων ή Εξουσιοδότηση, Προγραμματισμός και Δοίκηση του Χρόνου, Σχεδιασμός μιας Εργασίας, Αντιθέσεις και Συγκρούσεις, Πειθαρχικές Ποινές, Το Περιβάλλον Εργασίας, Πληροφοριακά Συστήματα Διοίκησης, Αξιολόγηση της Επίδοσης, Τεχνικές που Χρησιμοποιεί ο Επόπτης, Μελλοντικές Προοπτικές, Βιβλιογραφία. |
| 520 ## - SUMMARY, ETC. | |
| Summary, etc. | Εισαγωγή, Ο Ανθρώπινος Παράγων, Η Λειτουργία του Προγραμματισμού, Η Λειτουργία της Οργάνωσης, Παρώθηση, Κίνητρα και Αμοιβές, Βελτίωση των Μεθόδων εργασίας και του Περιβάλλοντος, Επικοινωνία, Εφαρμογές της Επικοινωνίας, Έλεγχος της Εργασίας, Ανάθεση Καθηκόντων ή Εξουσιοδότηση, Προγραμματισμός και Δοίκηση του Χρόνου, Σχεδιασμός μιας Εργασίας, Αντιθέσεις και Συγκρούσεις, Πειθαρχικές Ποινές, Το Περιβάλλον Εργασίας, Πληροφοριακά Συστήματα Διοίκησης, Αξιολόγηση της Επίδοσης, Τεχνικές που Χρησιμοποιεί ο Επόπτης, Μελλοντικές Προοπτικές, Βιβλιογραφία. |
| 700 1# - ΠΡΟΣΘΕΤΗ ΑΝΑΓΡΑΦΗ--ΦΥΣΙΚΟ ΠΡΟΣΩΠΟ | |
| Personal name | Ζαβλανός Μύρων Μ |
| 9 (RLIN) | 1038 |
| 942 ## - ADDED ENTRY ELEMENTS (KOHA) | |
| Koha item type | Books |
| Τύπος τεκμηρίου | Βιβλιοθήκη | Τρέχουσα τοποθεσία | Barcode | Αριθμός εισαγωγής | Ημερομηνία απόκτησης | Ταξιθετικό σύμβολο | Αριθμός αντιτύπου | Κατάσταση απόσυρσης | Κατάσταση χαμένου | Κατάσταση κατεστραμμένου | Μη δανεισμός | Σύνολο δανεισμών | Ημερομηνία τελευταίας εμφάνισης | Η τιμή ισχύει από |
|---|---|---|---|---|---|---|---|---|---|---|---|---|---|---|
| Books | MC Athens Campus Library | MC Athens Campus Library | 9780000012005 | 1986 | 05/06/2025 | 658.301 ZAV | 2 | 05/06/2025 | 05/06/2025 |